书目信息 |
| 题名: |
简明化学试剂手册
|
|
| 作者: | 《简明化学试剂手册》编写组编 | |
| 分册: | ||
| 出版信息: | 上海 上海科学技术出版社 1991.1 |
|
| 页数: | 731页 | |
| 开本: | 19厘米 | |
| 丛书名: | ||
| 单 册: | ||
| 中图分类: | O652.3-62 | |
| 科图分类: | ||
| 主题词: | 化学试剂--手册 | |
| 电子资源: | ||
| ISBN: | 7-5323-1470-7 | |
| 000 | 00711nam0 2200217 45 | |
| 001 | 0191020588 | |
| 005 | 20061120141645.96 | |
| 010 | @a7-5323-1470-7@dCNY15.20 | |
| 100 | @a19910829d1991 em y0chiy0121 ea | |
| 101 | 0 | @achi |
| 102 | @aCN@b310000 | |
| 105 | @ay z 000yy | |
| 200 | 10 | @a简明化学试剂手册@AJIAN MING HUA XUE SHI JI SHOU CE@f《简明化学试剂手册》编写组编@F《 JIAN MING HUA XUE SHI JI SHOU CE 》 BIAN XIE ZU BIAN |
| 210 | @a上海@c上海科学技术出版社@d1991.1 | |
| 215 | @a731页@d19厘米 | |
| 517 | 1 | @a化学试剂手册@AHUA XUE SHI JI SHOU CE |
| 540 | 1 | @a化学 试剂@AHUA XUE SHI JI |
| 606 | @a化学试剂@x手册 | |
| 690 | @aO652.3-62@v3 | |
| 801 | 0 | @aCN@bTSSF@c20061120 |
| 905 | @a10447@dO652.3-62@e81 | |
| 简明化学试剂手册/《简明化学试剂手册》编写组编.-上海:上海科学技术出版社,1991.1 |
| 731页;19厘米 |
| ISBN 7-5323-1470-7:CNY15.20 |
| ● |
| 相关链接 |
|
|
|
|
正题名:简明化学试剂手册
索取号:O652.3-62/81
 
预约/预借
| 序号 | 登录号 | 条形码 | 馆藏地/架位号 | 状态 | 备注 |
| 1 | 0224796 | 202104445 | 第二样本阅览室/ [索取号:O652.3-62/81] | 在馆 |